000 00279nam a2200109Ia 4500
008 220204s9999 xx 000 0 und d
082 _a674:66
_bGOL
245 0 _aWood technology: Chemical aspects
260 _aWashington
_bACS
_c1977
700 _aGoldstein, Irving S
942 _cBK
999 _c39021
_d39021